Lectures on a theory of computation and complexity over the reals

Saved in:
Bibliografiske detaljer
Hovedforfatter: Blum, Lenore (Author)
Format: Bog
Sprog:engelsk
Udgivet: Río de Janeiro IMPA 1990
Fag:
Tags: Tilføj Tag
Ingen Tags, Vær først til at tagge denne postø!

MARC

LEADER 00000nam a2200000 a 4500
001 UCW1564
003 CL-VaPUC
005 20230712110807.0
008 920803e19900000BL |||||||||||||||||eng|d
999 |c 216440  |d 216438 
040 |c Pontificia Universidad Católica de Valparaíso 
082 0 4 |a 004.0151  |b BLU  |2 21 
100 0 |a Blum, Lenore  |e author  |9 305595 
245 1 0 |a Lectures on a theory of computation and complexity over the reals 
260 |a Río de Janeiro  |b IMPA  |c 1990 
300 |a 49 p 
583 |a last modification  |c 19920803 00:00:00  |k Rodrigo Vera 
650 0 |a Ciencia de la computación  |9 260608  |x Matemáticas 
942 |c BK  |2 ddc 
945 |d 19920803 00:00:00 
952 |0 0  |1 0  |4 0  |6 004_015100000000000_BLU_1990  |7 0  |8 A  |9 202160  |a BIBMAT  |b BIBMAT  |d 2019-11-14  |i 2692821  |o 004.0151 BLU 1990  |p 2692821  |r 2025-01-07  |w 2019-11-14  |y BK  |k MAT